Sermons and devotional writings of Gerald Manley hopkins / (Record no. 11755)
[ view plain ]
| 000 -LEADER | |
|---|---|
| fixed length control field | 00408cam a2200145ua 4500 |
| 041 ## - LANGUAGE CODE | |
| Language code of text/sound track or separate title | eng |
| 082 ## - DEWEY DECIMAL CLASSIFICATION NUMBER | |
| Classification number | 824 |
| Item number | DEV/SE |
| 100 ## - MAIN ENTRY--AUTHOR NAME | |
| Personal name | Devlin, Christopher . |
| 245 ## - TITLE STATEMENT | |
| Title | Sermons and devotional writings of Gerald Manley hopkins / |
| 260 ## - PUBLICATION, DISTRIBUTION, ETC. (IMPRINT) | |
| Place of publication | London : |
| Name of publisher | Oxford University Press , |
| Year of publication | 1959. |
| 300 ## - PHYSICAL DESCRIPTION | |
| Number of Pages | 369 ; . |
| 942 ## - ADDED ENTRY ELEMENTS (KOHA) | |
| Koha item type | Books |
| Withdrawn status | Lost status | Damaged status | Home library | Current library | Date acquired | Cost, normal purchase price | Full call number | Accession Number | Koha item type | Public note |
|---|---|---|---|---|---|---|---|---|---|---|
| Withdrawn | KAUAET | Sanskrit University | 07/04/2012 | 55.00 | 824 | 6607 | Books | Transferred to Sanskrit University |
